Catalog

Record Details

Catalog Search



Available copies

  • 2 of 2 copies available at LARL/NWRL Consortium.
  • 2 of 2 copies available at Lake Agassiz Regional Library. (Show preferred library)

Current holds

0 current holds with 2 total copies.

Show Only Available Copies
Location Call Number / Copy Notes Barcode Shelving Location Status Due Date
Climax Public Library CD TALKING BOOK W SHO (Text) 33500014392062 Main Available -
Fertile Public Library CD TALKING BOOK W SHO (Text) 33500014392070 Main Available -

Record details

  • ISBN: 9798228893863
  • ISBN: 9798228893849
  • Physical Description: 6 audio discs (6 1/2 hr.) : CD audio, digital ; 4 ... Read More
  • Edition: Unabridged.
  • Publisher: [Newark, New Jersey] : Audible, [2026]

Content descriptions

General Note:
Compact discs.
Participant or Performer Note:
Performed by L.J. Ganser.
Summary, etc.:
With the help of a grizzled Indian scout, Chris ... Read More
Subject: Outlaws > Fiction.
Frontier and pioneer life > West (U.S.) > Fiction.
Revenge > Fiction.
Western stories.
FICTION / Westerns.
FICTION / Historical / General.
FICTION / Action & Adventure.
Genre: Western stories.
Historical fiction.
Audiobooks.
Western fiction.
Historical fiction.
LDR 02253nim a22005777i 4500
001489326
003LARL_NWRL_CONSORTIUM
00520260604154602.0
008260513t20262019njunnnne f n eng d
007sd fsngnnmmned
040 . ‡aBLACP ‡beng ‡erda ‡cBLACP ‡dOCLCO
020 . ‡a9798228893863 ‡q(sound recording ; ‡qBlackstone Library CD)
020 . ‡a9798228893849 ‡q(sound recording ; ‡qBlackstone Retail CD)
035 . ‡a(OCoLC)1591411446
037 . ‡aZPdv23 ‡bBlackstone Publishing
037 . ‡aZEdv23 ‡bBlackstone Publishing
08204. ‡a813/.54 ‡223
1001 . ‡aShort, Luke, ‡d1908-1975, ‡eauthor. ‡1https://id.oclc.org/worldcat/entity/E39PBJj4p9739cPQb3MKQB9VYP ‡0(LARL_NWRL_CONSORTIUM)62579
24510. ‡aCoroner Creek / ‡cLuke Short.
250 . ‡aUnabridged.
264 1. ‡a[Newark, New Jersey] : ‡bAudible, ‡c[2026]
264 4. ‡c℗2019
300 . ‡a6 audio discs (6 1/2 hr.) : ‡bCD audio, digital ; ‡c4 3/4 in.
336 . ‡aspoken word ‡bspw ‡2rdacontent
337 . ‡aaudio ‡bs ‡2rdamedia
338 . ‡aaudio disc ‡bsd ‡2rdacarrier
344 . ‡adigital ‡2rdatr
344 . ‡boptical ‡2rdarm
347 . ‡aaudio file ‡2rdaft
347 . ‡bCD audio
500 . ‡aCompact discs.
5110 . ‡aPerformed by L.J. Ganser.
520 . ‡aWith the help of a grizzled Indian scout, Chris Danning finally gets the name of the Apache chief who attacked his wagon train and killed his fiancée. When he finds him, the real battle will begin.
650 0. ‡aOutlaws ‡vFiction. ‡0(LARL_NWRL_CONSORTIUM)166527
650 0. ‡aFrontier and pioneer life ‡zWest (U.S.) ‡vFiction. ‡0(LARL_NWRL_CONSORTIUM)165182
650 0. ‡aRevenge ‡vFiction. ‡0(LARL_NWRL_CONSORTIUM)167017
650 0. ‡aWestern stories. ‡0(LARL_NWRL_CONSORTIUM)34367
650 7. ‡aFICTION / Westerns. ‡2bisacsh
650 7. ‡aFICTION / Historical / General. ‡2bisacsh
650 7. ‡aFICTION / Action & Adventure. ‡2bisacsh
655 7. ‡aWestern stories. ‡2gsafd
655 7. ‡aHistorical fiction. ‡2gsafd
655 7. ‡aAudiobooks. ‡2lcgft ‡0(LARL_NWRL_CONSORTIUM)175801
655 7. ‡aWestern fiction. ‡2lcgft
655 7. ‡aHistorical fiction. ‡2lcgft
7001 . ‡aGanser, L. J., ‡enarrator. ‡1https://id.oclc.org/worldcat/entity/E39PCjKDHKRyy6hHJF6G9TpGh3 ‡0(LARL_NWRL_CONSORTIUM)145606
901 . ‡a489326 ‡bAUTOGEN ‡c489326 ‡tbiblio

Additional Resources